00445nam a2200145Ia 4500003000400000005001700004008004100021020002200062040002900084050002800113100002300141245007200164260005400236300000900290OSt20230803155047.0230222s9999||||xx |||||||||||||| ||und|| a978-3-527-40831-3 cChuka University Library aGB 1199.8b.E85G46 2010 aHuenges,Ernst (Ed) 0aGeothermal Energy Systems: Exploration, Development and Utilization aWILEY -VCH Verlag GmbH & Co. KGaAbWeinheimc2002 a463p